000 01603nam a2200469 i 4500
001 9310
003 KOSZ 005
005 20220103083023.0
008 071211s1971 pl a f f 000 0 pol
015 _aPB 1971/9425
035 _a(PL-WaBN)b20422210-48omnis_nlop
035 _ab20422210
035 _a(OCoLC)749635900
035 _a(PL)b0000002042221
040 _aWA N
_cWA N
_dKOSZ 005/RW
046 _k1971
080 _a629.12
080 _a621.1
100 1 _aPerepeczko, Andrzej
_d(1930- )
_eAutor
245 1 0 _aOkrętowe kotły i silniki parowe /
_cAndrzej Perepeczko, Janusz Staliński.
260 _aGdańsk :
_bWydawnictwo Morskie,
_c1971.
300 _a687, [1] stron, [8] kart tablic :
_bilustracje, errata ;
_c25 cm.
336 _aTekst
_btxt
_2rdacontent
337 _aBez urządzenia pośredniczącego
_bn
_2rdamedia
338 _aWolumin
_bnc
_2rdacarrier
380 _aKsiążki
388 _a1901-2000
490 1 _aBiblioteka Okrętowca ;
_v16
504 _aBibliografia na stronach 687-[688].
658 _aInżynieria i technika
650 7 _aStatki
_2DBN
650 7 _aUrządzenia
655 7 _aPodręcznik
_2DBN
650 7 _aSilniki okrętowe
_2DBN
650 7 _aKotły okrętowe
_2DBN
700 1 _aStaliński, Janusz
_d(1916-1985).
_eAutor
710 2 _aWydawnictwo Morskie (Gdańsk)
_4pbl.
830 0 _aBiblioteka Okrętowca,
_v16
856 _uhttp://koha.tu.koszalin.pl/cgi-bin/koha/opac-detail.pl?biblionumber=9310
_yKatalog online BPK
942 _2UKD
_cKS
999 _c9310
_d9310